Impact of Negative event on Tourism in Ghana
| Main Author: | |
|---|---|
| Other Authors: | |
| Format: | Thesis |
| Kulcsszavak: | events in Ghana negative impact reseach metholodgy summery tourism |
| Online Access: | http://dolgozattar.uni-bge.hu/60158 |
MARC
| LEADER | 00000nta a2200000 i 4500 | ||
|---|---|---|---|
| 001 | dolg60158 | ||
| 005 | 20260409150050.0 | ||
| 008 | 260409suuuu hu om 000 eng d | ||
| 040 | |a BGE Dolgozattár Repozitórium |b hun | ||
| 041 | |a en | ||
| 100 | 1 | |a Kyeremeh Fosuaa Celestina | |
| 245 | 1 | 0 | |a Impact of Negative event on Tourism in Ghana |c Kyeremeh Fosuaa Celestina |h [elektronikus dokumentum] |
| 520 | 3 | |a This research assesses how negative events impact Ghanaian tourism, focusing on tourist perceptions, behaviors, and stakeholder resilience. It explores external influences such as media narratives and political disturbances, alongside internal issues like poor crisis communication and structural weaknesses. Findings reveal key vulnerabilities, with stakeholders aware of rising crises but lacking preparedness. Ghana remains reactive, unlike destinations with digital emergency services and strategic resilience systems in place. | |
| 695 | |a events in Ghana | ||
| 695 | |a negative impact | ||
| 695 | |a reseach metholodgy | ||
| 695 | |a summery | ||
| 695 | |a tourism | ||
| 700 | 1 | |a Weninger Ágnes Rita |e ths | |
| 856 | 4 | 0 | |u http://dolgozattar.uni-bge.hu/60158/1/Final%20Thesis%20Draft%20-%20CELESTINA%20%283%29.pdf |z Dokumentum-elérés |
| 856 | 4 | 0 | |u http://dolgozattar.uni-bge.hu/60158/2/Celestina%20Fosuaa%20Kyeremeh%20_Review_Melanie%20Smith.pdf |z Dokumentum-elérés |
| 856 | 4 | 0 | |u http://dolgozattar.uni-bge.hu/60158/3/Kyeremeh%20Fosuaa%20Celestina_Supervisor_Weninger%20%C3%81gnes.pdf |z Dokumentum-elérés |